प्रभातकुमार मुख़र्जी की कहानियाँ / (Record no. 117017)

MARC details
000 -LEADER
fixed length control field 01416nam a22002897a 4500
003 - CONTROL NUMBER IDENTIFIER
control field dpl
005 - DATE AND TIME OF LATEST TRANSACTION
control field 20180824123501.0
008 - FIXED-LENGTH DATA ELEMENTS--GENERAL INFORMATION
fixed length control field 180824b xxu||||| |||| 00| 0 eng d
010 ## - LIBRARY OF CONGRESS CONTROL NUMBER
LC control number B-175566
020 ## - INTERNATIONAL STANDARD BOOK NUMBER
Terms of availability 100.00
International Standard Book Number 8126021527
035 ## - SYSTEM CONTROL NUMBER
System control number B-175566, B-175570
037 ## - SOURCE OF ACQUISITION
Source of stock number/acquisition Cen Lib/Ret
040 ## - CATALOGING SOURCE
Original cataloging agency DPL
Language of cataloging HN
Transcribing agency 0
082 ## - DEWEY DECIMAL CLASSIFICATION NUMBER
Classification number
Item number प्रभात
245 ## - TITLE STATEMENT
Title प्रभातकुमार मुख़र्जी की कहानियाँ /
Statement of responsibility, etc संपादक ताराशंकर वंद्योपाध्याय; अनुवादक मदनलाल जैन
246 ## - VARYING FORM OF TITLE
Title proper/short title Prabhat Kumar ki kahaniyan /
Remainder of title sampadak Tarashankar Bandhyopadhyay; anuvadak Madanlal Jain
260 ## - PUBLICATION, DISTRIBUTION, ETC. (IMPRINT)
Place of publication, distribution, etc नयी दिल्ली
Name of publisher, distributor, etc साहित्य अकादेमी
Date of publication, distribution, etc 1966
270 ## - ADDRESS
City नयी दिल्ली
Postal code 110001
Address रवीन्द्र भवन, 35, फिरोज़शाह मार्ग
300 ## - PHYSICAL DESCRIPTION
Extent 208पृ.
Dimensions 17सेमी(सजिल्द)
650 ## - SUBJECT ADDED ENTRY--TOPICAL TERM
Topical term or geographic name as entry element हिन्दी साहित्य
9 (RLIN) 69574
650 ## - SUBJECT ADDED ENTRY--TOPICAL TERM
Topical term or geographic name as entry element हिन्दी -- कहानियाँ
9 (RLIN) 69575
650 ## - SUBJECT ADDED ENTRY--TOPICAL TERM
Topical term or geographic name as entry element Hindi literature
9 (RLIN) 69576
650 ## - SUBJECT ADDED ENTRY--TOPICAL TERM
Topical term or geographic name as entry element Hindi -- Stories
9 (RLIN) 69577
700 ## - ADDED ENTRY--PERSONAL NAME
Personal name वंद्योपाध्याय, ताराशंकर
9 (RLIN) 69578
700 ## - ADDED ENTRY--PERSONAL NAME
Personal name जैन, मदनलाल
9 (RLIN) 69579
942 ## - ADDED ENTRY ELEMENTS (KOHA)
Source of classification or shelving scheme Dewey Decimal Classification
Koha item type Hindi Books
Classification part
Call number suffix प्रभात
Holdings
Withdrawn status Lost status Damaged status Not for loan Home library Current library Date acquired Source of acquisition Cost, normal purchase price Total Checkouts Full call number Barcode Date last seen Date checked out Copy number Cost, replacement price Price effective from Koha item type Source of classification or shelving scheme Collection code
        Central Library Central Library 26/08/2015 Cen Lib/Ret 100.00 1 क प्रभात B-175566 05/06/2017 24/05/2017 1 100.00 26/08/2015 Hindi Books    
        Patel Nagar Patel Nagar 24/08/2018 BPPD/PUB 100.00   क प्रभात B-175570 24/08/2018     100.00 24/08/2018 Hindi Books Dewey Decimal Classification Fiction

© Delhi Public Library
Hit Counter
free hit counter